=LDR 00000nam 2200000 4500 =001 INLIS000000000010255 =005 20130612101942 =008 ***********************************Ind** =035 ##$$0010-061300000010255 =041 ##$$a Ind =082 ##$$a 028.5 =090 ##$$a 028.5, Hil p =100 ##$$a HILALIYAH, Laila =245 ##$$a Putri Sinar Ungu, Cerita anak muslim =260 ##$$a 2000 $b Bandung =300 ##$$a v, 22 hlm, ilus, 26 cm =650 ##$$a Bacaan Anak-anak - Indonesia =850 ##$$a NBPNMAT